|
|
|
|
| LEADER |
01621nam a2200409 a 4500 |
| 001 |
EBC826959 |
| 003 |
MiAaPQ |
| 005 |
20200520144314.0 |
| 006 |
m o d | |
| 007 |
cr cn||||||||| |
| 008 |
111020s2012 flua sb 000 0 eng d |
| 010 |
|
|
|z 2011043273
|
| 020 |
|
|
|z 9781439867204 (hardcover alk. paper)
|
| 020 |
|
|
|a 9781439867259 (electronic bk.)
|
| 035 |
|
|
|a (MiAaPQ)EBC826959
|
| 035 |
|
|
|a (Au-PeEL)EBL826959
|
| 035 |
|
|
|a (CaPaEBR)ebr10518013
|
| 035 |
|
|
|a (CaONFJC)MIL352646
|
| 035 |
|
|
|a (OCoLC)809766522
|
| 040 |
|
|
|a MiAaPQ
|c MiAaPQ
|d MiAaPQ
|
| 043 |
|
|
|a a------
|
| 050 |
|
4 |
|a HD38.5
|b .M3624 2012
|
| 245 |
0 |
0 |
|a Managing supply chains on the Silk Road
|h [electronic resource] :
|b strategy, performance, and risk /
|c [edited by] Cagri Haksoz, Sridhar Seshadri, Ananth V. Iyer.
|
| 260 |
|
|
|a Boca Raton :
|b Taylor & Francis,
|c 2012.
|
| 300 |
|
|
|a xxviii, 286 p. :
|b ill.
|
| 504 |
|
|
|a Includes bibliographical references.
|
| 505 |
0 |
|
|a pt. 1. Supply chain strategy on the Silk Road -- pt. 2. Supply chain performance on the Silk Road -- pt. 3. Supply chain risk on the Silk Road.
|
| 533 |
|
|
|a Electronic reproduction. Ann Arbor, MI : ProQuest, 2015. Available via World Wide Web. Access may be limited to ProQuest affiliated libraries.
|
| 650 |
|
0 |
|a Business logistics.
|
| 650 |
|
0 |
|a Trade routes
|z Asia.
|
| 651 |
|
0 |
|a Silk Road.
|
| 655 |
|
4 |
|a Electronic books.
|
| 700 |
1 |
|
|a Haksoz, Cagri.
|
| 700 |
1 |
|
|a Seshadri, Sridhar.
|
| 700 |
1 |
|
|a Iyer, Ananth V.
|
| 710 |
2 |
|
|a ProQuest (Firm)
|
| 856 |
4 |
0 |
|u https://ebookcentral.proquest.com/lib/matrademy/detail.action?docID=826959
|z Click to View
|